[Event "ROM-ch U10"]
[Site "Calimanesti Caciulata"]
[Date "2019.04.19"]
[Round "6"]
[White "Stefan, Alexandru"]
[Black "Ianchis, David Cristian"]
[Result "1/2-1/2"]
[WhiteElo "1108"]
[BlackElo "1011"]
[PlyCount "53"]
[EventDate "2019.04.15"]
[EventType "swiss"]
[EventRounds "9"]
[EventCountry "ROU"]
[SourceTitle "CBM 190 Extra"]
[Source "ChessBase"]
[SourceDate "2019.07.15"]
[SourceVersion "1"]
[SourceVersionDate "2019.07.15"]
[SourceQuality "1"]

1. d4 d5 2. c4 e6 3. Nc3 Nf6 4. Bg5 Nbd7 5. Nf3 Be7 6. e3 0-0 7. cxd5 exd5 8. Bd3 b6 9. 0-0 Bb7 10. Qa4 a6 11. b4 Ne4 12. Bxe7 Qxe7 13. Rfc1 Ndf6 14. h3 Rfc8 15. Rab1 c6 16. Ne5 b5 17. Qc2 Nxc3 18. Qxc3 Nd7 19. Nxd7 Qxd7 20. Qc2 g6 21. Rb3 f5 22. Rc3 Qf7 23. g3 Qe7 24. Qb3 Qf8 25. R3c2 a5 26. a3 axb4 27. axb4 1/2-1/2

[Event "EU-ch U08 27th"]
[Site "Mamaia"]
[Date "2017.09.05"]
[Round "1"]
[White "Royal, Shreyas"]
[Black "Stefan, Alexandru"]
[Result "1-0"]
[WhiteElo "1700"]
[BlackElo "1139"]
[PlyCount "67"]
[EventDate "2017.09.05"]
[EventType "swiss"]
[EventRounds "9"]
[EventCountry "ROU"]
[SourceTitle "CBM 180 Extra"]
[Source "ChessBase"]
[SourceDate "2017.10.06"]
[SourceVersion "1"]
[SourceVersionDate "2017.10.06"]
[SourceQuality "1"]

1. d4 Nf6 2. c4 g6 3. Nc3 Bg7 4. e4 d6 5. Nge2 Nbd7 6. Ng3 0-0 7. Be2 e5 8. d5 Nc5 9. h4 h5 10. Bg5 Qd7 11. Qd2 Re8 12. b4 Na6 13. a3 c6 14. dxc6 bxc6 15. Rd1 Re6 16. c5 d5 17. exd5 cxd5 18. Bxf6 d4 19. Bxg7 Kxg7 20. Nce4 Bb7 21. b5 Nc7 22. c6 Bxc6 23. bxc6 Qxc6 24. Bf3 Re7 25. Rc1 Qa6 26. Nc5 Qxa3 27. Bxa8 Nxa8 28. 0-0 Rc7 29. Nge4 f5 30. Ne6+ Kh7 31. N4g5+ Kh6 32. Nxc7 Nxc7 33. Rxc7 Qd6 34. Rh7# 1-0

[Event "ROM-ch U08"]
[Site "Calimanesti Caciulata"]
[Date "2016.04.22"]
[Round "6"]
[White "Grosu, Albert Constantin"]
[Black "Stefan, Alexandru"]
[Result "1-0"]
[WhiteElo "1001"]
[BlackElo "1001"]
[PlyCount "41"]
[EventDate "2016.04.18"]
[EventType "swiss"]
[EventRounds "9"]
[EventCountry "ROU"]
[SourceTitle "CBM 172 Extra"]
[Source "ChessBase"]
[SourceDate "2016.06.21"]
[SourceVersion "1"]
[SourceVersionDate "2016.06.21"]
[SourceQuality "1"]

1. d4 d5 2. Bf4 Nf6 3. Nf3 Bf5 4. e3 Nc6 5. Bd3 e6 6. Nc3 g6 7. Bg5 Bg7 8. Ne5 Qd6 9. Nb5 Qb4+ 10. c3 Qe7 11. Bf4 a6 12. Nxc6 bxc6 13. Nxc7+ Kf8 14. Nxa8 Bg4 15. Qa4 Qe8 16. Qxa6 Qb8 17. Bxb8 Kg8 18. Qc8+ Bf8 19. Bd6 h6 20. Qxf8+ Kh7 21. Qxf7# 1-0